UBT Library

ASSESSMENT OF THE SCHOOL AGE CHILD AND ADOLESCENT (Record no. 60589)

000 -LEADER
fixed length control field 00357nam a22001457a 4500
008 - FIXED-LENGTH DATA ELEMENTS--GENERAL INFORMATION
fixed length control field 240207b ||||| |||| 00| 0 eng d
020 ## - INTERNATIONAL STANDARD BOOK NUMBER
International Standard Book Number 9780803623347
041 ## - LANGUAGE CODE
Language code of text/sound track or separate title eng
080 ## - UNIVERSAL DECIMAL CLASSIFICATION NUMBER
Edition identifier 2011
Universal Decimal Classification number 37
082 ## - DEWEY DECIMAL CLASSIFICATION NUMBER
Classification number 37COL
100 ## - Rafti
Rafti 23
101 ## - Shkurtesa
Shkurtesa EDUKIMI
245 ## - TITLE STATEMENT
Title ASSESSMENT OF THE SCHOOL AGE CHILD AND ADOLESCENT
Statement of responsibility, etc MARGARET R.COLYAR
942 ## - ADDED ENTRY ELEMENTS (KOHA)
Source of classification or shelving scheme
Item type Books
Holdings
Withdrawn status Lost status Source of classification or shelving scheme Damaged status Not for loan Collection code Permanent location Current location Date acquired Total Checkouts Full call number Barcode Date last seen Price effective from Koha item type
          Koleksioni i përgjithshem UBT - Lipjan UBT - Lipjan 02/07/2024   37COL 002-800070600 02/07/2024 02/07/2024 Books
UBT Library © 2015-2024. All rights reserved University Education for Business and Technology